Психолого-педагогічні чинники адаптації обдарованих дітей до умов початкової школи (Запис № 571043)
[ простий вигляд ]
| 000 -Лідер | |
|---|---|
| fixed length control field | 03739nam a22002417a 4500 |
| 003 - Ідентифікатор контрольного номера | |
| control field | UA-OsUOA |
| 005 - Дата та час останнього входження (трансакції) | |
| control field | 20210730111319.0 |
| 008 - Елементи даних фіксованої довжини – загальна інформація | |
| fixed length control field | 210730b un ||||| |||| 00| 0 ukr d |
| 040 ## - Джерело каталогізації | |
| Агенція оригінальної каталогізації | UA-OsUOA |
| Мова каталогізації | ukr |
| Агенція, яка здійснювала перезапис | UA-OsUOA |
| Агенція, яка здійснювала модифікацію | UA-OsUOA |
| 041 ## - Код мови | |
| Код мови тексту/ звукової доріжки чи окремого заголовка (П) | ukr |
| 080 ## - Індекс Універсальної десяткової класифікації | |
| Індекс Універсальної десяткової класифікації (УДК) (НП) | 159.928.22:372.4 |
| 090 ## - Локальний шифр розміщення | |
| Класифікаційний індекс УДК | 159.928.22:372.4 |
| 095 ## - Код спеціальності для авторефератів | |
| Код спеціальності | 19.00.07 |
| Назва спеціальності | педагогічна та вікова психологія |
| 100 ## - Основне введення – ім’я особи | |
| Ім’я особи (НП) | Паненкова Ю. В. |
| 245 ## - Відомості про назву | |
| Назва (НП) | Психолого-педагогічні чинники адаптації обдарованих дітей до умов початкової школи |
| Дані про відповідальність (НП) | Паненкова Юлія Валеріївна ; наук. керівник Климишин Ольга Іванівна |
| 260 ## - Публікація, розповсюдження і т.п. (Вихідні дані) | |
| Місце публікації, розповсюдження і т.п. (П) | Острог |
| Дата публікації, розповсюдження і т.п. (П) | 2014 |
| 300 ## - Фізичний опис | |
| Обсяг | 19 с. |
| 502 ## - Примітка про дисертацію | |
| Зв'язок | Автореферат дисертації на здобуття наукового ступеня кандидата психологічних наук<br/> |
| Наймення інституції, що представляється | Національний університет "Острозька академія" |
| Рік отримання вченого ступеня | 2014 |
| 520 ## - Резюме і т.п. | |
| Резюме, реферат, анотація, тощо (НП) | Дисертаційне дослідження присвячене вивченню проблеми психолого - педагогічних чинників адаптації обдарованих дітей до умов початкової школи.<br/>В дисертації представлено узагальнені результати теоретичного аналізу наукової літератури з проблем адаптації і обдарованості, розглянуто особливості адаптації у молодшому шкільному віці.<br/>Розроблено концептуальну модель адаптації, визначено особистісний (релевантні та нерелевантні адаптації особистісні риси, самооцінка, довіра до себе, ціннісна свідомість) та мотиваційний (навчальна мотивація, мотивація досягнення успіху) компоненти адаптації, рівні (адаптованість, неадаптованість, дезадаптованість) і закономірності адаптації обдарованих дітей; встановлено психолого-педагогічні чинники адаптації обдарованих дітей до умов початкової школи (сфера взаємин, стиль сімейного виховання, психолого-педагогічний супровід). Досліджено психологічні профілі обдарованих (адаптованих, неадаптованих, дезадаптованих) дітей молодшого шкільного віку; вказано на зв'язок в адаптаційному процесі обдарованих дітей комунікативності, впевненості, емоційної стійкості, самоконтролю і несхильності до агресивності; замкненості, невпевненості, тривожності, імпульсивності і схильності до агресивності; самооцінки, довіри до себе і ціннісної свідомості.<br/>Доведено реальну дієвість і ефективність психолого-педагогічного супроводу адаптації обдарованих дітей. |
| 650 ## - Додаткове предметне введення – тематичний термін | |
| Джерело заголовка чи терміна | UDC |
| Тематичний термін чи географічна назва, як елемент введення (НП) | 159.9 Психологія |
| 942 ## - Додаткові елементи входу (Коха) | |
| Source of classification or shelving scheme | Universal Decimal Classification |
| Тип елемента Koha | Автореферат |
| 955 ## - Код типу видання за змістом | |
| Код типу видання за змістом (НП) | Наукові видання |
Немає доступних примірників.